000 00571nam a2200181Ia 4500
008 090123s9999 xx 000 0 und d
082 _b1579
_a891.463/देशमुख
100 _aदेशमुख नी.वा.
245 _aशूरा मी वंदिले
250 _a1
260 _b"एम.जी.को,"
300 _a406
600 _aदेशमुख नी.वा.
630 _aशूरा मी वंदिले
700 _aदेशमुख नी.वा.
730 _aशूरा मी वंदिले
942 _cBOOK
999 _c39662
_d39662